|
|
|
|
| LEADER |
00000cam a2200000 a 4500 |
| 001 |
vtls008338549 |
| 003 |
SK-MaSNL |
| 005 |
20260302003806.0 |
| 008 |
230403s1961 xo ao 000 0 slo |
| 015 |
|
|
|a SNBA1961/06-00951
|
| 020 |
|
|
|q (brož.)
|
| 035 |
|
|
|a SK01SNK19610030766
|
| 035 |
|
|
|a urn:nbn:sk:snk-am3ird2
|
| 035 |
|
|
|a 4C771623-F42E-472D-BA38-6FA8B5777A70
|
| 035 |
|
|
|a urn:nbn:sk:snk-am00feya
|
| 035 |
|
|
|a SKM000033229
|
| 040 |
|
|
|a SNK
|b slo
|c SNK
|e AACR2
|
| 041 |
0 |
|
|a slo
|
| 043 |
|
|
|a e-xo---
|
| 044 |
|
|
|a xo
|c SK
|
| 080 |
|
|
|a 329.15(437)+323.38(437.622)"1919/1945"
|2 1981
|
| 100 |
1 |
|
|a Holka, Filip,
|d 1928-2005
|4 aut
|9 49186
|
| 245 |
1 |
0 |
|a Dokumenty k triednym bojom v Nitre a okolí (1919-1945)
|b (pre potreby lektorov, propagačných a osvetových pracovníkov v okrese Nitra)
|c Filip Holka
|
| 260 |
|
|
|a Nitra
|b Kabinet politickej agitácie pri Okresnom osvetovom dome
|c 1961
|e Nitra
|f Západoslovenské tlačiarne
|
| 300 |
|
|
|a 221, [1] s.
|b fotografie, tabuľky
|c 8°
|
| 366 |
|
|
|e 1200 kusov
|
| 500 |
|
|
|a Obsahuje bibliografické odkazy
|
| 648 |
|
7 |
|a 1919-1945
|2 SNKPH
|9 307585
|
| 650 |
0 |
7 |
|a robotnícke hnutie
|2 SNKPH
|9 4769
|
| 651 |
|
7 |
|a Nitra (Slovensko)
|2 SNKPHgeo
|9 15714
|
| 655 |
|
7 |
|a príručky
|2 SNKPH
|9 74364
|
| 852 |
|
|
|a Slovenská národná knižnica
|
| 954 |
|
|
|a odborná, vedecká literatúra pôvodná (slovenská)
|2 lita
|
| 958 |
|
|
|a TL
|
| 958 |
|
|
|a RK
|
| 958 |
|
|
|a NB
|
| 958 |
|
|
|a OND
|
| 958 |
|
|
|a EUIPO
|
| 999 |
|
|
|c 993360
|d 995290
|
| 952 |
|
|
|t P60, <03>, [BOOK], {603}
|a SNK
|b SNK
|y PREZ
|7 0
|p 17A0121558
|o snkSC 15403
|i snkKSP 3344/61
|0 0
|1 0
|4 0
|d 1998-02-02
|f 1
|l 0
|r 2025-07-18 00:00:00
|w 2026-02-24
|
| 952 |
|
|
|a SNK
|b SNK
|y VYP
|7 0
|p 17A0180415
|o snkSC 15403 D1
|i snkKSP 3345/61
|0 0
|1 0
|4 0
|d 1999-02-09
|l 0
|r 2005-01-02 00:00:00
|w 2026-02-24
|